000 00877nam a2200241 u 4500
005 20260304063927.0
008 170607s2015 r 000 0 eng d
020 _a9786074019841 (M. A. Porrúa)
020 _a9786078432431 (Universidad Autónoma de Tlaxcala)
035 _aUPN01000218398
049 _aCG
050 4 _aHT334 M6
_bZ6.6
245 0 4 _aLas zonas metropolitanas :
_breflexiones teóricas y estudios en el centro del país /
_ccoord. Isabel Castillo Ramos.
260 _aMéxico :
_bUniversidad Autónoma de Tlaxcala :
_bM. A. Porrúa,
_c2015.
300 _a185 p. :
_bfigs., gráfs., cuadros
440 0 _aEstudios urbanos
650 4 _aÁreas metropolitanas
_zMéxico
_920121
650 4 _aUrbanización
_zCiudad de México
_917134
650 2 _aUrbanización
_913708
700 1 _aCastillo Ramos, Isabel,
_ecoord.
905 _aLibro
999 _c190498
_d190498